[Event "GER-chT U16 Girls"]
[Site "Neumuenster"]
[Date "2022.12.28"]
[Round "4"]
[White "Altuve Medina, Victoria Isabella"]
[Black "Falke, Franziska"]
[Result "1-0"]
[WhiteElo "1245"]
[BlackElo "889"]
[PlyCount "55"]
[EventDate "2022.12.26"]
[EventType "team-swiss"]
[EventRounds "7"]
[EventCountry "GER"]
[SourceTitle "CBM 212 Extra"]
[Source "ChessBase"]
[SourceDate "2023.03.31"]
[SourceVersion "1"]
[SourceVersionDate "2023.03.31"]
[SourceQuality "1"]
[WhiteTeam "Koenigsjaeger Sued West"]
[BlackTeam "Elmshorn"]
[WhiteTeamCountry "GER"]
[BlackTeamCountry "GER"]

1. e4 e5 2. Nf3 Nc6 3. Bc4 Nf6 4. d3 Bc5 5. c3 d5 6. exd5 Nxd5 7. Nbd2 Bg4 8. h3 Bh5 9. Ne4 Bb6 10. 0-0 f5 11. Ng3 Bg6 12. Re1 Qe7 13. Bxd5 Qc5 14. Bxc6+ bxc6 15. Rxe5+ Qxe5 16. Nxe5 0-0 17. Nxg6 hxg6 18. Qf3 Rf6 19. Bg5 Rf7 20. Qxc6 Raf8 21. Re1 f4 22. Ne4 Rb8 23. Qxg6 f3 24. g3 Re8 25. Nf6+ Rxf6 26. Rxe8+ Rf8 27. Bf6 Rxe8 28. Qxg7# 1-0